| 000 | 01125 a2200229 4500 | ||
|---|---|---|---|
| 003 | Nust | ||
| 005 | 20221115112901.0 | ||
| 010 | _a 75008125 | ||
| 020 | _a0822101610 | ||
| 040 | _cNust | ||
| 082 | 0 | 0 | _a512.13,MUE |
| 100 | 1 |
_aMueller, Francis J. _9102611 |
|
| 245 | 1 | 0 |
_aContemporary algebra and trigonometry / _cFrancis J. Mueller, Walter A. Albrecht, Jr. |
| 250 | _a2nd ed. | ||
| 260 |
_aBelmont, Calif. : _bDickenson Pub. Co., _cc1975. |
||
| 300 |
_axii, 458 p. : _bill. ; _c24 cm. |
||
| 505 | _aArithmetic to Algebra (Page-1), Mathematical Sentences (Page-34), Polynomial Products and Factors (Page-62), Fractions (Page-90), Inequalities (Page-115), Functions and Relations (Page-140), Systems of Linear Open Sentences (Page-178), Irrational and Complex Numbers (Page-202), Quadratic Equations and Inequalities (Page-232), Logarithms (Page-260), Trigonometric Functions (Page-292), Trigonometric Identities and Equations (Page-335), Circular Functions (Page-371). | ||
| 650 | 0 |
_aAlgebra. _98509 |
|
| 650 | 0 |
_aPlane trigonometry. _939132 |
|
| 700 | 1 |
_aAlbrecht, Walter A., _9102612 |
|
| 942 |
_2ddc _cBK _k512.13,MUE |
||
| 999 |
_c182002 _d182002 |
||